[Event "Montreal Mercredi 05"]
[Site "Montreal CAN"]
[Date "2011.06.15"]
[Round "5"]
[White "Frangulian, Eric"]
[Black "Yu, Zong Yang"]
[Result "1-0"]
[WhiteElo "1667"]
[BlackElo "1620"]
[PlyCount "99"]
[GameId "2160767909704470"]
[EventDate "2011.05.18"]
[EventType "swiss"]
[EventRounds "5"]
[EventCountry "CAN"]
[SourceTitle "EXT 2022"]
[Source "ChessBase"]
[SourceDate "2021.10.06"]
[SourceVersion "1"]
[SourceVersionDate "2021.10.06"]
[SourceQuality "1"]

1. e4 c5 2. Nf3 d6 3. d4 cxd4 4. Nxd4 Nf6 5. Nc3 g6 6. Be2 Bg7 7. O-O O-O 8. Be3 Nc6 9. Nxc6 bxc6 10. Qd2 Be6 11. f3 Qc7 12. Bh6 Bxh6 13. Qxh6 Qb6+ 14. Kh1 Qxb2 15. Qd2 Qa3 16. f4 d5 17. f5 Bd7 18. fxg6 hxg6 19. exd5 Nxd5 20. Nxd5 cxd5 21. Qxd5 Be6 22. Qe5 Rad8 23. Rf3 Qd6 24. Qxd6 Rxd6 25. Rd3 Rc6 26. Rd2 Bf5 27. c4 e5 28. Rad1 Rfc8 29. Rc1 Be6 30. Rdc2 e4 31. Kg1 Rc5 32. h3 Rg5 33. Rc3 Rcc5 34. Re3 f5 35. h4 f4 36. Rxe4 Rge5 37. Rxe5 Rxe5 38. Kf2 Bd7 39. c5 Kf7 40. c6 Bc8 41. Rc4 Rxe2+ 42. Kxe2 Ba6 43. Kd3 Ke6 44. Kd4 Bxc4 45. Kxc4 Kd6 46. Kb5 Kc7 47. Kc5 Kc8 48. Kd6 a5 49. c7 a4 50. a3 1-0

[Event "Montreal Mercredi 05"]
[Site "Montreal CAN"]
[Date "2011.06.15"]
[Round "5"]
[White "Levkovsky, Alexandre"]
[Black "Pichardo, Agustin"]
[Result "1-0"]
[WhiteElo "2241"]
[BlackElo "2100"]
[PlyCount "41"]
[GameId "2160767909704472"]
[EventDate "2011.05.18"]
[EventType "swiss"]
[EventRounds "5"]
[EventCountry "CAN"]
[SourceTitle "EXT 2022"]
[Source "ChessBase"]
[SourceDate "2021.10.06"]
[SourceVersion "1"]
[SourceVersionDate "2021.10.06"]
[SourceQuality "1"]

1. e4 e6 2. d4 d5 3. Nc3 Nf6 4. Bg5 Be7 5. e5 Nfd7 6. Bxe7 Qxe7 7. f4 a6 8. Nf3 c5 9. Qd2 Nc6 10. dxc5 O-O 11. O-O-O f6 12. exf6 Qxf6 13. g3 Kh8 14. Qe3 Qe7 15. Na4 Nf6 16. Bd3 Bd7 17. Nb6 Rae8 18. Rhe1 d4 19. Nxd4 Qxc5 20. Nxd7 Nxd7 21. Nxe6 1-0

[Event "Montreal Mercredi 05"]
[Site "Montreal CAN"]
[Date "2011.06.15"]
[Round "5"]
[White "Lopez Linares, Lizandro"]
[Black "Cardin, Guillaume"]
[Result "1-0"]
[WhiteElo "1943"]
[BlackElo "1959"]
[PlyCount "83"]
[GameId "2160767909704473"]
[EventDate "2011.05.18"]
[EventType "swiss"]
[EventRounds "5"]
[EventCountry "CAN"]
[SourceTitle "EXT 2022"]
[Source "ChessBase"]
[SourceDate "2021.10.06"]
[SourceVersion "1"]
[SourceVersionDate "2021.10.06"]
[SourceQuality "1"]

1. d4 Nf6 2. c4 e6 3. Nf3 d5 4. Nc3 c6 5. Bg5 h6 6. Bxf6 Qxf6 7. e3 g6 8. Rc1 Bg7 9. cxd5 exd5 10. Nxd5 Qd8 11. Nc3 O-O 12. Be2 Be6 13. O-O Qb6 14. b3 Qa5 15. Bc4 Bxc4 16. bxc4 Nd7 17. Qb3 b6 18. Rfd1 Rad8 19. Ne4 Qf5 20. Ng3 Qa5 21. h4 h5 22. Ne2 Bf6 23. Nf4 Qf5 24. g3 g5 25. hxg5 Bxg5 26. Qc2 Qf6 27. Nxg5 Qxg5 28. Kg2 Nf6 29. Rh1 Kg7 30. Qe2 Rh8 31. Qf3 h4 32. Rh3 Rh6 33. Rch1 Rdh8 34. Kf1 hxg3 35. Rxg3 Rxh1+ 36. Ke2 Qxg3 37. Qxg3+ Kf8 38. Qg5 Ne4 39. Qf5 Nd6 40. Qf6 R8h6 41. Ne6+ Ke8 42. Qd8# 1-0

[Event "Montreal Mercredi 05"]
[Site "Montreal CAN"]
[Date "2011.06.15"]
[Round "5"]
[White "Nardone, Raul"]
[Black "Brassard, Sylvain"]
[Result "0-1"]
[WhiteElo "1777"]
[BlackElo "1831"]
[PlyCount "94"]
[GameId "2160767909704474"]
[EventDate "2011.05.18"]
[EventType "swiss"]
[EventRounds "5"]
[EventCountry "CAN"]
[SourceTitle "EXT 2022"]
[Source "ChessBase"]
[SourceDate "2021.10.06"]
[SourceVersion "1"]
[SourceVersionDate "2021.10.06"]
[SourceQuality "1"]

1. e4 Nf6 2. e5 Nd5 3. Nc3 Nxc3 4. dxc3 e6 5. Nf3 Be7 6. Bd3 d6 7. Qe2 Nc6 8. Bf4 dxe5 9. Nxe5 Nxe5 10. Qxe5 O-O 11. O-O-O Bd6 12. Qe3 Bxf4 13. Qxf4 Qe7 14. Rhe1 h6 15. Kb1 Rb8 16. h4 b6 17. g4 Bb7 18. Qg3 c5 19. f4 Qc7 20. h5 Kh8 21. g5 hxg5 22. Qxg5 Qd8 23. Qg3 Qf6 24. Rg1 Qh6 25. Be2 Rbd8 26. Bf3 Bxf3 27. Qxf3 Qf6 28. Qg3 Rxd1+ 29. Rxd1 Rd8 30. Rxd8+ Qxd8 31. Kc1 Qd5 32. Qh4 Qf5 33. b4 c4 34. a4 f6 35. Kd2 Kh7 36. Qh2 Qe4 37. Qf2 Qd5+ 38. Qd4 Kh6 39. Qxd5 exd5 40. Ke3 Kxh5 41. a5 bxa5 42. bxa5 Kg4 43. Kd4 Kxf4 44. Kc5 g5 45. Kb5 g4 46. Ka6 g3 47. Kxa7 g2 0-1

[Event "Montreal Mercredi 05"]
[Site "Montreal CAN"]
[Date "2011.06.15"]
[Round "5"]
[White "Sasseville, Jean"]
[Black "Pilotte, Benoit"]
[Result "0-1"]
[WhiteElo "1945"]
[BlackElo "1881"]
[PlyCount "102"]
[GameId "2160767909704475"]
[EventDate "2011.05.18"]
[EventType "swiss"]
[EventRounds "5"]
[EventCountry "CAN"]
[SourceTitle "EXT 2022"]
[Source "ChessBase"]
[SourceDate "2021.10.06"]
[SourceVersion "1"]
[SourceVersionDate "2021.10.06"]
[SourceQuality "1"]

1. Nf3 h6 2. e4 g5 3. d4 Bg7 4. Be3 g4 5. Nfd2 Nc6 6. Nb3 d5 7. exd5 Qxd5 8. Nc3 Qd8 9. Be2 Nf6 10. O-O a6 11. f3 g3 12. hxg3 Nh5 13. Bf2 Rg8 14. Qd2 e5 15. d5 Nd4 16. f4 Nxb3 17. axb3 Nf6 18. Rae1 Ng4 19. Bd4 exd4 20. Bxg4+ Kf8 21. Bxc8 dxc3 22. Qf2 Rxc8 23. f5 Qf6 24. bxc3 Qb6 25. f6 Qxf2+ 26. Rxf2 Bh8 27. Kh2 Rg6 28. c4 Re8 29. Rd1 Rxf6 30. Rfd2 Rg6 31. c5 Be5 32. Rd3 Ke7 33. Kh3 Reg8 34. Re1 Rxg3+ 35. Kh4 R3g5 36. d6+ cxd6 37. cxd6+ Kd7 38. Ree3 f6 39. c4 Rg4+ 40. Kh5 Rxg2 41. c5 Rh2+ 42. Rh3 Rhg2 43. Rdf3 R2g5+ 44. Kh4 Rg4+ 45. Kh5 b6 46. cxb6 R4g5+ 47. Kh4 Rg4+ 48. Kh5 Kxd6 49. b4 Kc6 50. Ra3 Kxb6 51. Ra5 R4g5+ 0-1

[Event "Montreal Mercredi 05"]
[Site "Montreal CAN"]
[Date "2011.06.15"]
[Round "5"]
[White "Sonn, Eric"]
[Black "Gauthier, Luc"]
[Result "1/2-1/2"]
[WhiteElo "1621"]
[BlackElo "1717"]
[PlyCount "36"]
[GameId "2160767909704476"]
[EventDate "2011.05.18"]
[EventType "swiss"]
[EventRounds "5"]
[EventCountry "CAN"]
[SourceTitle "EXT 2022"]
[Source "ChessBase"]
[SourceDate "2021.10.06"]
[SourceVersion "1"]
[SourceVersionDate "2021.10.06"]
[SourceQuality "1"]

1. e4 Nf6 2. e5 Nd5 3. d4 d6 4. c4 Nb6 5. exd6 exd6 6. Nf3 Bg4 7. b3 Be7 8. Bd3 Bf6 9. Bb2 c5 10. Qe2+ Qe7 11. Qxe7+ Kxe7 12. Nbd2 Nc6 13. h3 Bxf3 14. Nxf3 Rhe8 15. O-O-O Kf8 16. dxc5 Bxb2+ 17. Kxb2 dxc5 18. Rhe1 h6 1/2-1/2

[Event "Montreal Mercredi 05"]
[Site "Montreal CAN"]
[Date "2011.06.15"]
[Round "5"]
[White "Tremblay, Alain"]
[Black "Plante, Michel"]
[Result "1/2-1/2"]
[WhiteElo "2092"]
[BlackElo "2072"]
[PlyCount "106"]
[GameId "2160767909704477"]
[EventDate "2011.05.18"]
[EventType "swiss"]
[EventRounds "5"]
[EventCountry "CAN"]
[SourceTitle "EXT 2022"]
[Source "ChessBase"]
[SourceDate "2021.10.06"]
[SourceVersion "1"]
[SourceVersionDate "2021.10.06"]
[SourceQuality "1"]

1. d4 d6 2. c4 e5 3. d5 g6 4. Nc3 Nd7 5. e4 a5 6. Nf3 Nc5 7. Be3 b6 8. Be2 Bh6 9. Bxh6 Nxh6 10. Qc1 Ng4 11. h3 Nf6 12. Qe3 Bd7 13. Nd2 a4 14. O-O g5 15. Qxg5 Bxh3 16. Qh6 Bd7 17. f4 Rg8 18. fxe5 Rg6 19. Qf4 dxe5 20. Qxe5+ Qe7 21. Qxe7+ Kxe7 22. e5 Ng4 23. d6+ cxd6 24. Nd5+ Kf8 25. Nxb6 Rb8 26. Nxd7+ Nxd7 27. Bxg4 Rxg4 28. e6 Ne5 29. b3 Ke7 30. exf7 Nxf7 31. Rae1+ Ne5 32. c5 Rbg8 33. Re2 axb3 34. axb3 R8g6 35. Ne4 d5 36. Nd6 Re6 37. Nf5+ Kd7 38. Re3 Nc6 39. Rd1 d4 40. Rh3 Re2 41. Rxh7+ Ke6 42. Nh4 Ne5 43. Rh5 Kd5 44. b4 d3 45. Kh2 Rxh4+ 46. Rxh4 Nf3+ 47. Kh3 Nxh4 48. Kxh4 Rxg2 49. Rxd3+ Kc4 50. Rg3 Rh2+ 51. Rh3 Rg2 52. Rg3 Rh2+ 53. Kg4 Kxb4 1/2-1/2

[Event "Montreal Mercredi 08"]
[Site "Montreal CAN"]
[Date "2011.08.31"]
[Round "1"]
[White "Cardin, Guillaume"]
[Black "Gauthier, Denis"]
[Result "1-0"]
[WhiteElo "1947"]
[BlackElo "1860"]
[PlyCount "83"]
[GameId "2160767909648926"]
[EventDate "2011.08.31"]
[EventType "swiss"]
[EventRounds "5"]
[EventCountry "CAN"]
[SourceTitle "EXT 2022"]
[Source "ChessBase"]
[SourceDate "2021.10.06"]
[SourceVersion "1"]
[SourceVersionDate "2021.10.06"]
[SourceQuality "1"]

1. d4 Nf6 2. c4 e6 3. g3 Bb4+ 4. Bd2 a5 5. Bg2 O-O 6. Qc2 Nc6 7. Nf3 d5 8. O-O Re8 9. Rd1 Bf8 10. Bf4 Bd6 11. Bxd6 cxd6 12. cxd5 Nb4 13. Qb3 Nbxd5 14. Nbd2 a4 15. Qa3 b5 16. b4 Bb7 17. e4 Nb6 18. Qd3 Qd7 19. e5 Nfd5 20. Ng5 f5 21. exf6 Nxf6 22. Bxb7 Qxb7 23. Qxb5 Nfd5 24. Nc4 Qe7 25. Nxb6 Rab8 26. Nxd5 Qxg5 27. Qxa4 Qxd5 28. a3 Rec8 29. Qa6 Rc2 30. Rac1 Rxc1 31. Rxc1 Qxd4 32. Rc8+ Rxc8 33. Qxc8+ Kf7 34. Qc1 e5 35. b5 e4 36. Qe3 Qd1+ 37. Kg2 d5 38. b6 Qb1 39. a4 Qb4 40. a5 Qxa5 41. Qf4+ Ke6 42. b7 1-0

[Event "Montreal Mercredi 08"]
[Site "Montreal CAN"]
[Date "2011.08.31"]
[Round "1"]
[White "He, Shao Hang"]
[Black "Trottier, Luc"]
[Result "1-0"]
[WhiteElo "1609"]
[BlackElo "1450"]
[PlyCount "135"]
[GameId "2160767909648928"]
[EventDate "2011.08.31"]
[EventType "swiss"]
[EventRounds "5"]
[EventCountry "CAN"]
[SourceTitle "EXT 2022"]
[Source "ChessBase"]
[SourceDate "2021.10.06"]
[SourceVersion "1"]
[SourceVersionDate "2021.10.06"]
[SourceQuality "1"]

1. d4 f5 2. c4 e6 3. g3 Nf6 4. Nc3 Be7 5. Bg2 d6 6. Nf3 O-O 7. O-O Nbd7 8. Re1 Qe8 9. Qc2 Nb6 10. b3 c6 11. e4 fxe4 12. Nxe4 Nxe4 13. Qxe4 Qf7 14. Re2 Qf5 15. Qxf5 Rxf5 16. Ba3 Bd7 17. Nd2 Raf8 18. Bh3 R5f7 19. f4 e5 20. Bxd7 Nxd7 21. dxe5 dxe5 22. Bxe7 Rxe7 23. Rae1 Rfe8 24. Re4 Kf8 25. fxe5 Rxe5 26. Rf1+ Kg8 27. Rfe1 Rxe4 28. Rxe4 Rxe4 29. Nxe4 Kf8 30. Kf2 b6 31. Ke3 h6 32. Kd4 Ke7 33. c5 Ke6 34. b4 b5 35. Nd6 g6 36. Nc8 a6 37. Nd6 Nb8 38. Ke4 h5 39. h3 Kf6 40. Ne8+ Kf7 41. Nd6+ Kf6 42. Kf4 g5+ 43. Ke4 Ke6 44. Nf5 Kf6 45. Nd4 h4 46. gxh4 gxh4 47. Kf4 Kg6 48. Kg4 Kh6 49. Kxh4 Kg6 50. Kg4 Kh7 51. Kg5 Kg7 52. h4 Kh7 53. h5 Kg7 54. h6+ Kh7 55. Kh5 Kh8 56. Kg6 Kg8 57. h7+ Kh8 58. Nf5 Nd7 59. Ne7 Nf8+ 60. Kf6 Nxh7+ 61. Ke6 Ng5+ 62. Kd6 Ne4+ 63. Kxc6 Nc3 64. a3 Nb1 65. Kb6 Nxa3 66. c6 Nc4+ 67. Kxa6 Nd6 68. c7 1-0

[Event "Montreal Mercredi 08"]
[Site "Montreal CAN"]
[Date "2011.08.31"]
[Round "1"]
[White "Lopez Linares, Lizandro"]
[Black "Gagnon, Serge"]
[Result "1-0"]
[WhiteElo "1981"]
[BlackElo "2108"]
[PlyCount "137"]
[GameId "2160767909648930"]
[EventDate "2011.08.31"]
[EventType "swiss"]
[EventRounds "5"]
[EventCountry "CAN"]
[SourceTitle "EXT 2022"]
[Source "ChessBase"]
[SourceDate "2021.10.06"]
[SourceVersion "1"]
[SourceVersionDate "2021.10.06"]
[SourceQuality "1"]

1. d4 d6 2. Nf3 g6 3. c4 Bg7 4. Nc3 c6 5. e4 Nd7 6. Be2 e5 7. O-O exd4 8. Nxd4 Nc5 9. Kh1 Nf6 10. f3 O-O 11. b4 Ne6 12. Be3 Nh5 13. Nxe6 Bxe6 14. Rc1 f5 15. Bd4 Bh6 16. Rc2 f4 17. Qe1 Qg5 18. Bf2 Qe5 19. g4 fxg3 20. hxg3 g5 21. Rg1 Ng7 22. Qd2 Qf6 23. g4 Rfd8 24. Bg3 Qf7 25. Nd1 d5 26. cxd5 cxd5 27. Rc7 dxe4 28. Qb2 Rd7 29. Rxd7 Qxd7 30. Ne3 exf3 31. Bxf3 Rf8 32. Kg2 Ne8 33. Rd1 Qf7 34. Nf5 Bg7 35. Qc2 h5 36. Be4 h4 37. Bf2 Bxa2 38. Qd2 Nf6 39. Qxg5 Nxe4 40. Nh6+ Kh7 41. Nxf7 Nxg5 42. Nxg5+ Kg6 43. Bxh4 Bf6 44. Rd6 Rd8 45. Rxf6+ Kxf6 46. Nf3+ Ke6 47. Bxd8 Kd5 48. Kg3 Kc4 49. Be7 b6 50. Kf4 a5 51. bxa5 bxa5 52. Ke5 Kd3 53. g5 Ke3 54. Nd4 Bg8 55. g6 a4 56. Nf5+ Kf3 57. Nh6 Bb3 58. Nf7 Kg4 59. Kf6 Bc2 60. Nh6+ Kh5 61. Nf5 Bb3 62. Ba3 Ba2 63. Bc1 Bb3 64. Ng7+ Kg4 65. Ne6 Bc2 66. g7 Bh7 67. Kf7 Kf5 68. Ng5 a3 69. Nxh7 1-0

[Event "Montreal Mercredi 08"]
[Site "Montreal CAN"]
[Date "2011.08.31"]
[Round "1"]
[White "Luo, Zhao Yang"]
[Black "Rondon, Luciano"]
[Result "1-0"]
[WhiteElo "1900"]
[BlackElo "1897"]
[PlyCount "51"]
[GameId "2160767909648931"]
[EventDate "2011.08.31"]
[EventType "swiss"]
[EventRounds "5"]
[EventCountry "CAN"]
[SourceTitle "EXT 2022"]
[Source "ChessBase"]
[SourceDate "2021.10.06"]
[SourceVersion "1"]
[SourceVersionDate "2021.10.06"]
[SourceQuality "1"]

1. d4 d5 2. Nf3 Nf6 3. e3 e6 4. Bd3 c5 5. b3 cxd4 6. exd4 Nc6 7. O-O Be7 8. Bb2 O-O 9. Ne5 Qb6 10. c4 Qc7 11. Nd2 dxc4 12. bxc4 Nd7 13. Qh5 h6 14. Ng4 Qf4 15. Nf3 Nf6 16. Nxf6+ Bxf6 17. Bc1 Qd6 18. Bxh6 Rd8 19. Bg5 Nxd4 20. Nxd4 Bxg5 21. Qxg5 Qxd4 22. Rad1 Qxd3 23. Qxd8+ Qxd8 24. Rxd8+ Kh7 25. c5 b6 26. c6 1-0

[Event "Montreal Mercredi 08"]
[Site "Montreal CAN"]
[Date "2011.08.31"]
[Round "1"]
[White "Nardone, Raul"]
[Black "Millette, Sylvain"]
[Result "1-0"]
[WhiteElo "1799"]
[BlackElo "1627"]
[PlyCount "47"]
[GameId "2160767909648932"]
[EventDate "2011.08.31"]
[EventType "swiss"]
[EventRounds "5"]
[EventCountry "CAN"]
[SourceTitle "EXT 2022"]
[Source "ChessBase"]
[SourceDate "2021.10.06"]
[SourceVersion "1"]
[SourceVersionDate "2021.10.06"]
[SourceQuality "1"]

1. e4 Nf6 2. e5 Nd5 3. Nc3 Nxc3 4. dxc3 d6 5. Nf3 Bg4 6. Bc4 e6 7. h3 Bxf3 8. Qxf3 d5 9. Bd3 g6 10. Bf4 Bg7 11. O-O-O Nd7 12. Rhe1 c6 13. Qe3 Qc7 14. Kb1 Qb6 15. Qg3 O-O-O 16. Ka1 h6 17. Bxg6 fxg6 18. Qxg6 Bxe5 19. Bxe5 Rhg8 20. Qxe6 Rde8 21. Qd6 Rxg2 22. Bg3 Rd8 23. Kb1 Rxg3 24. Qxg3 1-0

[Event "Montreal Mercredi 08"]
[Site "Montreal CAN"]
[Date "2011.08.31"]
[Round "1"]
[White "Tremblay, Alain"]
[Black "Levkovsky, Alexandre"]
[Result "1/2-1/2"]
[WhiteElo "2078"]
[BlackElo "2256"]
[PlyCount "90"]
[GameId "2160767909648933"]
[EventDate "2011.08.31"]
[EventType "swiss"]
[EventRounds "5"]
[EventCountry "CAN"]
[SourceTitle "EXT 2022"]
[Source "ChessBase"]
[SourceDate "2021.10.06"]
[SourceVersion "1"]
[SourceVersionDate "2021.10.06"]
[SourceQuality "1"]

1. e4 e5 2. Nf3 Nc6 3. Bb5 a6 4. Ba4 Nf6 5. O-O Be7 6. Re1 b5 7. Bb3 d6 8. c3 O-O 9. h3 Na5 10. Bc2 c5 11. d4 Qc7 12. Nbd2 cxd4 13. cxd4 Nc6 14. d5 Nb4 15. Bb1 a5 16. a3 Na6 17. Nf1 Bd7 18. Ne3 g6 19. Nh2 Nc5 20. Neg4 h5 21. Nxf6+ Bxf6 22. g4 hxg4 23. hxg4 Bg7 24. Re3 Rfc8 25. Bc2 Na4 26. Re2 Qd8 27. f3 Bf6 28. Nf1 Bg5 29. Bxa4 bxa4 30. Bxg5 Qxg5 31. Qd2 Qxd2 32. Rxd2 Rc5 33. Ne3 Kg7 34. Kg2 Rb8 35. Kf2 Rb3 36. Nd1 Rc8 37. Nc3 Rcb8 38. Nd1 Rh8 39. Kg2 f5 40. gxf5 gxf5 41. Nf2 Kf6 42. exf5 Bxf5 43. Ng4+ Bxg4 44. fxg4 Rhb8 45. Rf2+ Ke7 1/2-1/2

[Event "Montreal Mercredi 08"]
[Site "Montreal CAN"]
[Date "2011.08.31"]
[Round "1"]
[White "Valle-Romo, Ricardo"]
[Black "Weston, Paul"]
[Result "1-0"]
[WhiteElo "1947"]
[BlackElo "1879"]
[PlyCount "101"]
[GameId "2160767909648934"]
[EventDate "2011.08.31"]
[EventType "swiss"]
[EventRounds "5"]
[EventCountry "CAN"]
[SourceTitle "EXT 2022"]
[Source "ChessBase"]
[SourceDate "2021.10.06"]
[SourceVersion "1"]
[SourceVersionDate "2021.10.06"]
[SourceQuality "1"]

1. g3 e5 2. Bg2 Nf6 3. d3 d5 4. Nf3 Nc6 5. O-O Be7 6. Bg5 O-O 7. Nc3 Be6 8. e4 dxe4 9. dxe4 Qxd1 10. Raxd1 Rfd8 11. Bxf6 Bxf6 12. Nd5 Bxd5 13. exd5 Nb4 14. c3 Nxd5 15. Rfe1 Nb6 16. Rxd8+ Rxd8 17. Nxe5 Bxe5 18. Rxe5 Rd1+ 19. Bf1 Kf8 20. Kg2 Rd2 21. Re2 Rxe2 22. Bxe2 Na4 23. Kf3 Nxb2 24. Ke4 Na4 25. Kd4 c5+ 26. Kc4 b5+ 27. Kb3 a6 28. c4 Nb6 29. cxb5 axb5 30. Bxb5 Ke7 31. a4 Kd6 32. a5 Nc8 33. Kc4 Na7 34. f4 f6 35. Ba4 g5 36. Bc2 h6 37. Be4 Nc8 38. Bb7 Na7 39. a6 f5 40. h4 gxf4 41. gxf4 h5 42. Bf3 Nc8 43. Bxh5 Kc6 44. Bf3+ Kb6 45. Be2 Kxa6 46. h5 Kb6 47. h6 Nd6+ 48. Kd5 Nf7 49. h7 Kc7 50. Ke6 Nh8 51. Kf6 1-0

[Event "Montreal Mercredi 08"]
[Site "Montreal CAN"]
[Date "2011.09.07"]
[Round "2"]
[White "Anastassov, Stevan"]
[Black "Yip, William"]
[Result "1/2-1/2"]
[WhiteElo "1452"]
[BlackElo "1555"]
[PlyCount "67"]
[GameId "2160767909648936"]
[EventDate "2011.08.31"]
[EventType "swiss"]
[EventRounds "5"]
[EventCountry "CAN"]
[SourceTitle "EXT 2022"]
[Source "ChessBase"]
[SourceDate "2021.10.06"]
[SourceVersion "1"]
[SourceVersionDate "2021.10.06"]
[SourceQuality "1"]

1. c4 e5 2. Nc3 Nf6 3. g3 Bc5 4. Bg2 c6 5. d3 d6 6. Nf3 Be6 7. O-O Bb6 8. b4 O-O 9. a4 a5 10. b5 Qc7 11. Ba3 Rd8 12. Ng5 Bf5 13. Qb3 h6 14. Nge4 Nxe4 15. Nxe4 Be6 16. bxc6 Nxc6 17. Nxd6 Nd4 18. Nb5 Nxb3 19. Nxc7 Bxc7 20. Rab1 Nd2 21. Rxb7 Nxf1 22. Rxc7 Nd2 23. Bxa8 Rxa8 24. Rb7 Nxc4 25. dxc4 Bxc4 26. e3 Bd5 27. Rc7 f6 28. Rc3 Rb8 29. f4 Rb1+ 30. Kf2 Rh1 31. h4 Rh2+ 32. Ke1 Rh1+ 33. Kd2 Rh2+ 34. Ke1 1/2-1/2

[Event "Montreal Mercredi 08"]
[Site "Montreal CAN"]
[Date "2011.09.07"]
[Round "2"]
[White "Cardin, Guillaume"]
[Black "Valle-Romo, Ricardo"]
[Result "1-0"]
[WhiteElo "1947"]
[BlackElo "1947"]
[PlyCount "35"]
[GameId "2160767909648937"]
[EventDate "2011.08.31"]
[EventType "swiss"]
[EventRounds "5"]
[EventCountry "CAN"]
[SourceTitle "EXT 2022"]
[Source "ChessBase"]
[SourceDate "2021.10.06"]
[SourceVersion "1"]
[SourceVersionDate "2021.10.06"]
[SourceQuality "1"]

1. d4 Nf6 2. c4 e6 3. g3 c5 4. d5 exd5 5. cxd5 d6 6. Nc3 g6 7. Nf3 Bg7 8. Bg2 O-O 9. O-O a6 10. a4 b6 11. Re1 Re8 12. e4 Nbd7 13. Bf4 Qc7 14. e5 Nh5 15. exd6 Rxe1+ 16. Qxe1 Qb8 17. Qe8+ Bf8 18. Ng5 1-0

[Event "Montreal Mercredi 08"]
[Site "Montreal CAN"]
[Date "2011.09.07"]
[Round "2"]
[White "Gagnon, Serge"]
[Black "Levkovsky, Alexandre"]
[Result "0-1"]
[WhiteElo "2108"]
[BlackElo "2256"]
[PlyCount "62"]
[GameId "2160767909648939"]
[EventDate "2011.08.31"]
[EventType "swiss"]
[EventRounds "5"]
[EventCountry "CAN"]
[SourceTitle "EXT 2022"]
[Source "ChessBase"]
[SourceDate "2021.10.06"]
[SourceVersion "1"]
[SourceVersionDate "2021.10.06"]
[SourceQuality "1"]

1. d4 d5 2. c4 e5 3. dxe5 d4 4. Nf3 Nc6 5. Bf4 Be6 6. Nbd2 Nge7 7. Qa4 Ng6 8. Bg3 Bc5 9. O-O-O Qe7 10. h4 Bd7 11. Qc2 Ngxe5 12. Nxe5 Nxe5 13. Nf3 Nc6 14. a3 a5 15. Ng5 h6 16. Nh3 g5 17. f3 O-O-O 18. Nf2 f5 19. Nd3 f4 20. Bf2 Kb8 21. g3 fxg3 22. Bxg3 Bf5 23. Bh3 Qe3+ 24. Kb1 Bg6 25. Ka2 Rhe8 26. hxg5 hxg5 27. Rh2 Bd6 28. Bxd6 Rxd6 29. Qb3 Ne5 30. Qb5 Rb6 31. Qxe8+ Bxe8 0-1

[Event "Montreal Mercredi 08"]
[Site "Montreal CAN"]
[Date "2011.09.07"]
[Round "2"]
[White "Gauthier, Denis"]
[Black "Rondon, Luciano"]
[Result "1-0"]
[WhiteElo "1860"]
[BlackElo "1897"]
[PlyCount "101"]
[GameId "2160767909648940"]
[EventDate "2011.08.31"]
[EventType "swiss"]
[EventRounds "5"]
[EventCountry "CAN"]
[SourceTitle "EXT 2022"]
[Source "ChessBase"]
[SourceDate "2021.10.06"]
[SourceVersion "1"]
[SourceVersionDate "2021.10.06"]
[SourceQuality "1"]

1. d4 d5 2. c4 c6 3. Nf3 Nf6 4. e3 e6 5. b3 Be7 6. Bb2 Nbd7 7. Nbd2 O-O 8. Bd3 b6 9. O-O Bb7 10. Rc1 Rc8 11. Qe2 c5 12. Bb1 cxd4 13. exd4 Bb4 14. Rfd1 Qe7 15. Qe3 Rfe8 16. Ne5 Nxe5 17. dxe5 Nd7 18. Qd3 Nf8 19. cxd5 Bxd5 20. Ne4 Bxe4 21. Qxe4 Ng6 22. g3 Bc5 23. h4 Nf8 24. Kg2 a5 25. Rd3 Red8 26. Rcd1 Rxd3 27. Qxd3 Qb7+ 28. Qe4 Qc7 29. Rd3 Rd8 30. Rxd8 Qxd8 31. Qd3 Qxd3 32. Bxd3 Ng6 33. f4 Ne7 34. Kf3 h5 35. Be4 g6 36. Bc1 Nd5 37. f5 Bd4 38. fxg6 Bxe5 39. gxf7+ Kxf7 40. Bxd5 exd5 41. g4 hxg4+ 42. Kxg4 Ke6 43. h5 d4 44. Kf3 Kf5 45. h6 Kg6 46. Ke4 Bf6 47. a4 Kh7 48. Bf4 Bd8 49. Kxd4 Kg6 50. Kd5 Be7 51. Kc6 1-0

[Event "Montreal Mercredi 08"]
[Site "Montreal CAN"]
[Date "2011.09.07"]
[Round "2"]
[White "He, Shao Hang"]
[Black "Ber, Alexandre"]
[Result "0-1"]
[WhiteElo "1609"]
[BlackElo "1605"]
[PlyCount "60"]
[GameId "2160767909648941"]
[EventDate "2011.08.31"]
[EventType "swiss"]
[EventRounds "5"]
[EventCountry "CAN"]
[SourceTitle "EXT 2022"]
[Source "ChessBase"]
[SourceDate "2021.10.06"]
[SourceVersion "1"]
[SourceVersionDate "2021.10.06"]
[SourceQuality "1"]

1. d4 e6 2. c4 f5 3. Nc3 Nf6 4. g3 Be7 5. Bg2 d5 6. b3 O-O 7. Nf3 Bd7 8. O-O Be8 9. Re1 c6 10. Ne5 Na6 11. f3 Nc7 12. e4 dxe4 13. fxe4 Bh5 14. Qd3 Nd7 15. Nxd7 Qxd7 16. Qe3 Be8 17. e5 Bh5 18. Bb2 Rab8 19. Ne2 b5 20. Rac1 bxc4 21. Rxc4 Bxe2 22. Rxe2 Nd5 23. Qc1 f4 24. Bxd5 exd5 25. Rxc6 fxg3 26. hxg3 Qg4 27. Rg2 Bg5 28. Qe1 Be3+ 29. Kh1 Qh3+ 30. Rh2 Rf1+ 0-1

[Event "Montreal Mercredi 08"]
[Site "Montreal CAN"]
[Date "2011.09.07"]
[Round "2"]
[White "Millette, Sylvain"]
[Black "Bergeron, Rene"]
[Result "1-0"]
[WhiteElo "1627"]
[BlackElo "1709"]
[PlyCount "59"]
[GameId "2160767909648942"]
[EventDate "2011.08.31"]
[EventType "swiss"]
[EventRounds "5"]
[EventCountry "CAN"]
[SourceTitle "EXT 2022"]
[Source "ChessBase"]
[SourceDate "2021.10.06"]
[SourceVersion "1"]
[SourceVersionDate "2021.10.06"]
[SourceQuality "1"]

1. Nf3 Nc6 2. g3 d5 3. d4 Bg4 4. Bg2 Qd7 5. Nc3 Bh3 6. O-O h5 7. Bxh3 Qxh3 8. Nxd5 O-O-O 9. Ng5 Qf5 10. e4 Qg6 11. f4 f5 12. exf5 Qxf5 13. Ne3 Qf6 14. c3 e6 15. Qe2 Re8 16. Nc4 h4 17. Ne5 hxg3 18. hxg3 Nxe5 19. fxe5 Qh6 20. Qg2 Qh5 21. Nxe6 Rxe6 22. Rxf8+ Kd7 23. Qd5+ Rd6 24. e6+ Ke7 25. Qxh5 Rxh5 26. Rxg8 Kf6 27. e7 Kxe7 28. Rxg7+ Kf8 29. Rg5 Rdh6 30. Rxh5 1-0